00721nam a2200169 a 450000100100000000500170001000800410002704000250006811000320009324000230012524501170014826000330026530000200029895201050031895201110042399900170053400003972820201002033712.0130718s2010 dr 000 0 spa d aDO-SdBNPbspacBNPHU2 aRepública Dominicana944710a[Regalmento, etc.]10aReglamento de relaciones laborales en la administración pública (no.523-09) de aplicación de la ley 41-08. aSanto Domingo :bMAP,c2010. a60 p. ;c21 cm. 0010718PDaPDbPDcCTd2013-07-18iLF1l0o p39728-10r2020-06-25w2020-06-25yLFPDZNo se presta 0010718PDaPDbPDcCTd2017-10-10iLF1l0o p39728-20r2020-06-25te. 2w2020-06-25yLFPDZNo se presta c39218d39218